00805 2200205 4500001002100000005001500021035002000036008004100056245004300097100002100140250000600161260003800167300001200205084001400217082000800231650001000239520032600249990001200575990001200587INLIS00000000000097420240530100345 a0010-0524000209240530 1 ind 1 aBukan Jomblo Galau /cRibka Adelina P. aAdelina P, Ribka a1 aYogyakarta :bSheila/ Andi,c2012 a206 hlm a813 RIB b a813 4aFiksi aBuat orang-orang, khususnya cewek-cewek yang pernah punya mimpi bisa jadian sama idola, khususnya atlet basket, semoga novel ini bisa menjadi sarana penyalur keinginan itu. Gak pernah ngebayangin bisa jadian sama atlet idola? Well, si Vissa mungkin bisa dijadikan contoh, atau novel ini sekadar jadi pemuas keinginan semu a0741702 a0741703